MARC

LEADER 00000nas1a2200000 4500
001 379806
005 20231101062630.0
035 |a (RuTPU)RU\TPU\prd\244 
035 |a PERI00000244 
090 |a 379806 
100 |a 20011210b k y0rusy50 ca 
101 0 |a rus 
102 |a RU 
110 |a azaz|||0uu0 
200 1 |a Известия Академии наук СССР  |h Серия 7  |i отделение общественных наук  |e научный журнал  |f Академия наук СССР (АН СССР) 
210 |a Москва  |a Ленинград  |c Изд-во Академии наук СССР  |d 1933-1936 
326 |a 10 номеров в год 
610 1 |a история 
610 1 |a историческая мысль 
610 1 |a историческая наука 
610 1 |a исторические деятели 
610 1 |a исторические документы 
610 1 |a литературные памятники 
610 1 |a исторические памятники 
675 |a 30  |v 3 
712 0 2 |a Академия наук СССР (АН СССР)  |c (1925-1991)  |2 stltpush  |3 (RuTPU)RU\TPU\col\722 
801 0 |a RU  |b 63413507  |c 20011210  |g PSBO 
801 2 |a RU  |b 63413507  |c 20151207  |g PSBO 
942 |c CR